| 000 | 00498nam a2200157 4500 | ||
|---|---|---|---|
| 001 | 109157 | ||
| 003 | ES-MaACL | ||
| 005 | 20230906184803.0 | ||
| 007 | t| | ||
| 008 | 061121s1971 sp r ||||1| spa d | ||
| 100 | 1 |
_aOliver Sanz de Bremond, Emilio. _986848 |
|
| 245 | 1 | 0 |
_aCastelar y el período revolucionario español (1868-1874) / _cEmilio Oliver Sanz de Bremond. |
| 260 |
_aMadrid : _bG. del Toro, _c1971. |
||
| 300 |
_a308 p. 3 lám. col. ; _c23 cm. |
||
| 852 |
_aES-MaACL _jC-40915 _bR.80266 |
||
| 999 |
_c109157 _d109157 |
||